00426cam a2200157ua 4500001000400000008003900004040000900043082001100052245006100063250000900124260005100133300001700184653002300201653002200224700002200246508110407n ii |||gr||||Z||||||eng cMAIN a323.44 aPublic liberties in the new states.cBy David H. Bayley. a1st. aNew Delhi.:bOxford & ibh publishingh co.,964. a152 p.:4 cm. aPolitical science. aPublic liberties.1 aBayley, David H.,